000 00601nam a2200205 i 4500
001 bg
100 1 _aPOPKOV, L. Z.
245 0 _aMontaż i naladka promyslennych cholodilnych ustanovok /
_cL.
_nZ. Popkov, I. I. Gorochovskij, M. S. Suchomlinov.
260 _aMoskva :
_bStrojizdat,
_c1973.
300 _a191, [1] s. :
_brys. ;
_c21 cm.
504 _aBibliogr. s. 190.
650 9 _aChłodnictwo
_xurządzenia
700 1 _aGOROHOVSKIJ, I. I.
700 1 _aSUHOMLINOV, M S.
040 _cBPK
041 0 _aru
080 _a621.56/.59
942 _cKS
008 s pl f |000 0 pol
999 _c32056
_d32056
856 _uhttp://koha.tu.koszalin.pl/cgi-bin/koha/opac-detail.pl?biblionumber=32056
_yKatalog online BPK